000 00901cam a22002771 4500
001 sa 66006636
003 DLC
005 20260227112257.0
008 740925s1966 ii b 000 0 eng
010 _asa 66006636
015 _aPL480:I-E-6414
035 _a(OCoLC)1020860
040 _aDLC
_cOTU
_dOCoLC
_dDLC
042 _apremarc
050 0 0 _aKNS1760
_b.G46 1966
082 _a342.5409
100 1 _aGhosh, Pratap Kumar.
245 1 4 _aThe Constitution of India:
_bhow it has been framed.
260 _aCalcutta,
_bWorld Press,
_c1966.
300 _ax, 427 p.
500 _aContains the first 17 amendment acts to the Constitution, 1951-1964, other legislation, and related statements: p. 343-415.
504 _aBibliographical footnotes.
650 0 _aConstitutional history
_zIndia.
710 1 _aIndia (Republic)
_tConstitution.
710 1 _aIndia (Republic)
_tLaws, statutes, etc.
999 _c70607
_d70607